[Event "8th Paleochora Open 2015"]
[Site "?"]
[Date "2015.07.24"]
[Round "9"]
[White "Maki-Uuro Mi"]
[Black "Cafaro Luca"]
[Result "1-0"]
[WhiteElo "2329"]
[BlackElo "2239"]
[PlyCount "71"]
[EventDate "2015.07.17"]
[EventType "swiss"]
[EventRounds "9"]
[EventCountry "GRE"]
[Source "Mark Crowther"]
[SourceDate "2015.07.27"]

1. d4 d5 2. c4 c6 3. Nf3 Nf6 4. Nc3 e6 5. Bg5 dxc4 6. e4 b5 7. e5 h6 8. Bh4 g5
9. Bg3 Nd5 10. Nd2 Qa5 11. Rc1 Ba6 12. a3 Nd7 13. Be2 N7b6 14. Nde4 O-O-O 15.
O-O Nxc3 16. bxc3 Be7 17. Bh5 Rdf8 18. f4 Nd5 19. Qd2 Kb8 20. fxg5 hxg5 21.
Bxf7 Bc8 22. Nd6 Bd7 23. Qb2 Ne3 24. Rfe1 Bxd6 25. exd6 Rxf7 26. Rxe3 Rhf8 27.
Ree1 Rf5 28. Re5 Qa4 29. h3 a5 30. Rce1 Qb3 31. Qc1 Kc8 32. Qe3 Qc2 33. d5 Rxe5
34. Qb6 Rxe1+ 35. Bxe1 Rf1+ 36. Kh2 1-0